00841nam a2200229Ia 4500001000700000008004100007082001900048100002800067245010900095260003300204300001100237500008800248503002900336504003300365650003000398650001900428650002300447650002900470650003100499650003700530700004400567Z_3404220601s9999 xx 000 0 und d a636.089615 A73 aArcher, Richard Kendray aTécnicas de hematología animal / Richard Kendray Archer; traducción Elías Fernández González aZaragoza, España : Acribia a164 p. aTraducción del título en inglés: Haematological techniques for use on animals aej.1: 128826 \ ej.2: C/E aBibliografía: p. 154 - 157 a1. Medicina veterinaria  aHematología  aMuestra de sangre  aPruebas hematológicas  aTransfusión sanguínea  aSangre -- Análisis y química aFernández González, Elías, tr.Ì